01391nab a22002537a 4500003000400000005001700004008004100021040000700062100002500069245016200094260007300256300001300329500003600342505029700378505010700675505008200782650001800864650001800882650002500900650001700925650002500942650002200967773014800989OSt20251218113252.0190429b xxu||||| |||| 00| 0 spa d cPJ aZelasco, Andrés M.10aContradicciones, arbitrariedad y desigualdad ante la ley. Problemas y propuestas ante un mal precedente. El fallo "Moreira" de la CS / cAndrés M. Zelasco. cCiudad Autónoma de Buenos Aires :aThomson Reuters La Ley, b2025. ap. 59-66 aCita: TR LALEY AR/DOC/732/2025. aSumario: I. Introducción.— II. Antecedentes. El fallo de la Cámara Nacional de Casación.— III. La decisión de la Corte Suprema de Justicia.— IV. La contradicción lógica.— V. Afectaciones constitucionales.— VI. Un mal precedente.— VII. Propuesta.— VIII. Conclusiones. tFallos comentados: CS ~ 16/05/2024 ~ Moreira, Cristian Alberto s/ incidente de recurso extraordinario. tSi te interesa el texto completo, solicitalo a koha@justierradelfuego.gov.ar  0aDERECHO PENAL 0aPROCESO PENAL 0aIGUALDAD ANTE LA LEY 0aREINCIDENCIA 0aLIBERTAD CONDICIONAL 0aDEFENSA EN JUICIO0 02658tRevista de derecho penal y criminología. Nº 4 - Mayo 2025dCiudad Autónoma de Buenos Aires : Thomson Reuters La Ley, 2017-x00347914